Revolutionary tactics (Record no. 69417)
[ view plain ]
| 000 -LEADER | |
|---|---|
| fixed length control field | 00968cam a2200241 4500 |
| 001 - CONTROL NUMBER | |
| control field | ABS65068 |
| 008 - FIXED-LENGTH DATA ELEMENTS--GENERAL INFORMATION | |
| fixed length control field | 020131n2002 000 0 eng u |
| 035 ## - SYSTEM CONTROL NUMBER | |
| System control number | (Sirsi) u116574 |
| 100 ## - MAIN ENTRY--PERSONAL NAME | |
| Personal name | Rooney, P |
| 245 ## - TITLE STATEMENT | |
| Title | Revolutionary tactics |
| 260 ## - PUBLICATION, DISTRIBUTION, ETC. | |
| Date of publication, distribution, etc. | 2002 |
| 490 ## - SERIES STATEMENT | |
| Series statement | Estates Gazette |
| Volume/sequential designation | (0201) 5 January 2002, 68-69(2) |
| 520 ## - SUMMARY, ETC. | |
| Summary, etc. | Looks at the objectives and key features of the Land Registration Bill which is promising 'an unprecedented conveyancing revolution within a comparatively short time'. Concludes that the changes promised by the bill will be revolutionary with fundamental and permanent changes to the way in which land is dealt with and the way title to land is perceived. |
| 590 ## - LOCAL NOTE (RLIN) | |
| Local note | ABS |
| 650 ## - SUBJECT ADDED ENTRY--TOPICAL TERM | |
| Topical term or geographic name entry element | LAND REGISTRATION BILL |
| 650 ## - SUBJECT ADDED ENTRY--TOPICAL TERM | |
| Topical term or geographic name entry element | TITLE TO LAND |
| 650 ## - SUBJECT ADDED ENTRY--TOPICAL TERM | |
| Topical term or geographic name entry element | ADVERSE POSSESSION |
| 650 ## - SUBJECT ADDED ENTRY--TOPICAL TERM | |
| Topical term or geographic name entry element | LAND REGISTRATION |
| 650 ## - SUBJECT ADDED ENTRY--TOPICAL TERM | |
| Topical term or geographic name entry element | REGISTERED LAND |
| 690 ## - LOCAL SUBJECT ADDED ENTRY--TOPICAL TERM (OCLC, RLIN) | |
| Topical term or geographic name as entry element | PROPERTY AND LAND LAW-CONVEYANCING |
| 700 ## - ADDED ENTRY--PERSONAL NAME | |
| Personal name | Redman, N |
| 942 ## - ADDED ENTRY ELEMENTS (KOHA) | |
| Suppress in OPAC | 0 |
| Withdrawn status | Lost status | Source of classification or shelving scheme | Damaged status | Not for loan | Home library | Current library | Shelving location | Date acquired | Total Checkouts | Full call number | Barcode | Date last seen | Copy number | Price effective from | Koha item type |
|---|---|---|---|---|---|---|---|---|---|---|---|---|---|---|---|
| Dewey Decimal Classification | London | London | Journal article | 31/01/2002 | ABS65068 | 116574-1001 | 06/08/2019 | 1 | 06/08/2019 | Journal article |